000
00373nam a2200133Ia 4500
008
230917s9999||||xx |||||||||||||| ||und||
040
_e
181801
_a
MAIN
041
_a
English
082
_a
891.43301731 SC59J
100
_a
सौनररेक्सा, चन्द्रकिरण
245
0
_a
जवान मिट्टी
300
_a
262 पृ. p.
942
_c
HN
999
_c
65277
_d
65277